000 00630nam a2200169 4500
001 112000
003 ES-MaACL
005 20230906185411.0
007 t|
008 061121s1945 sp r ||||1| spa d
100 1 _aNavarro Borrás, Francisco.
_985107
245 1 0 _aCurso de ampliación de matemáticas para técnicos aplicadas a la física y a la química /
_cpor Francisco Navarro Borrás y J. A. Marín Tejerizo.
260 _aMadrid :
_bSociedad Anónima Española de Traductores y Autores,
_c1945.
300 _a496 p. :
_bil ;
_c24 cm.
700 1 _aMarín Tejerizo, J. A.
_976814
852 _aES-MaACL
_jE-1739
_bR.22626
999 _c112000
_d112000